|
|
|
|
| LEADER |
00000cam a2200000 a 4500 |
| 001 |
86412 |
| 005 |
20230308163531.0 |
| 008 |
991030|1982 ||||||||r|||||||||||spa|| |
| 020 |
|
|
|a 8474231736
|
| 040 |
|
|
|b spa
|
| 041 |
1 |
|
|a spa
|
| 082 |
0 |
|
|a 335.4
|
| 100 |
1 |
|
|a Mandel, Ernest.
|d 1923-1995
|9 12096
|
| 245 |
1 |
1 |
|a Marxismo abierto: una conversación sobre dogmas, ortodoxia y la herejía de la realidad
|c Ernest Mandel y Johannes Agnoli
|h imp
|
| 264 |
|
|
|a Barcelona
|b Crítica
|c 1982
|
| 300 |
|
|
|a 152 páginas:
|c 20 cm
|
| 650 |
1 |
0 |
|a Marxismo
|9 7394
|
| 650 |
1 |
|
|a Clase obrera
|9 7633
|
| 650 |
1 |
|
|a Movimientos obreros
|9 7787
|
| 852 |
|
|
|a UC-CDJBV
|c ESTANTERIA CERRADA
|f Compra
|k luis.contrerase
|l 1
|m General
|p 19910304
|q 4160.00
|r 2
|t 86412
|b 0
|d CDRC
|e CDRC
|g 335.4 ESTANTERIA CERRADA
|z 1991-10-30
|
| 942 |
|
|
|c BK
|
| 999 |
|
|
|c 21937
|d 21937
|